000
00264nam a2200097Ia 4500
001
727352
005
20250826163447.0
008
250824s9999 xx 000 0 und d
245
0
_a
KUR AN NİÇİN VE NASIL OKUNMALI
_c
ALİ AKPINAR
260
_b
KİTAP DÜNYASI YAYINLARI
999
_c
727352
_d
727352